Регионална библиотека "Любен Каравелов" - Русе

В омаята на преображението (Запис номер 188643)

MARC детайли
000 -Лидер
Контролно поле с фиксирана дължина 01209nam a2200289 c 4500
003 - Код на организацията, давaща контролен номер
Контролно поле BLK
005 - Дата и час на последна редакция
Контролно поле 20180422115615.0
008 - Елементи от данни с фиксирана дължина
fixed length control field 180411b bul|||||r ||||||| ||bul||
010 ## - Наследен системен номер
LC control number KNG00197662000
040 ## - Източник на каталожния запис
Идентификатор на билиотеката - собственик на записа BLK
041 ## - Код за език
Код за езика на текст/звукозапис или на отделно заглавие Български
Код за езика КДБФ Български
080 ## - УДК
Текстов определител УДК Австрийска литература
УДК код - определител по УДК 821.112(436)
УДК определител -31
УДК - код + определител 821.112(436)-31
100 1# - Редна дума - Автор
Автор Цвайг, Стефан
Авторска отговорност първи автор
R(LIN) 366443
139 ## - Редно поле
Редна дума Цвайг, Стефан
Авторски знак Цва - Ц 29
245 10 - Сведения за заглавието
Заглавие В омаята на преображението
Подзаглавни данни Роман
Редно поле (дума) Стефан Цвайг; прев. от нем. Елена Матушева-Попова; с предг. от Венцеслав Константинов Константинов.
257 ## - Страна на издаване
Страна на създаване/издаване Австрия
260 ## - Област на издателските данни
-- Пловдив
Име на издателя, разпространителя и проч. Христо Г. Данов
Година на издаване 1987
300 ## - Физическа характеристика
Страници 199 с.
Размери/Мащаб 20 см
380 ## - Жанр
Жанр Худож. лит.
700 1# - Други автори (авторска отговорност)
Лично име Матушева-Попова, Елена
Автороска отговорност (Описва отношението между автора и произведението) прев. от нем.
9 (RLIN) 94329
700 1# - Други автори (авторска отговорност)
Лично име Константинов, Венцеслав Константинов
Автороска отговорност (Описва отношението между автора и произведението) с предг. от
9 (RLIN) 374149
852 ## - Местоположение
Форматна сигнатура Цб 150206
856 4# - Електронен адрес и достъп
Електронен формат pdf - файл
Път до файла /url/
856 4# - Електронен адрес и достъп
Електронен формат pdf - файл
Път до файла /url/
942 ## - АРТИКУЛИ
Вид на библиотечния материал Книги
Скрит в OPAC Не
944 ## - СЪЗДАВАНЕ И РЕДАКЦИЯ на ЗАПИСА
Създаване/Редакция Създаване
Дата на регистрацията/редакция 08.12.2016
Служител, извършил регистрацията/редакцията Правда_Бадева
944 ## - СЪЗДАВАНЕ И РЕДАКЦИЯ на ЗАПИСА
Създаване/Редакция Редакция
Дата на регистрацията/редакция 08.12.2016
Служител, извършил регистрацията/редакцията Правда_Бадева
999 ## - СИСТЕМНИ КОНТРОЛНИ НОМЕРА
Koha biblionumber 188643
Koha biblioitemnumber 188643
Наличности
Код за отписване Код за изгубен артикул Източник на класификационната схема Код за повреда Коз за рестрикции Код за отдаване Артикулен № Име на библиотеката - собственик Име на библиотеката, в която се намира в момента Статус (Текущо местоположение) Дата на вписване в системата Местоположение - отдел Цена в лева Инвентарен номер Систематично азбучна сигнатура Баркод Номер на екземпляра Цена в евро Служебна бележка Служебен тип на артикула Бележка за публиката
  Не е изгубен Universal Decimal Classification Не е повреден без рестрикции ползва се в читалня 331295 Регионална библиотека "Любен Каравелов" Русе Регионална библиотека "Любен Каравелов" Русе Хранилище 1987-01-01 Хранилище 1.85 485804 Цб 150206 120000485804 1 0.95 N: стар фонд Дата: 01.01.1987 Книги  
Изтеглен Не е изгубен Universal Decimal Classification Не е повреден без рестрикции заемане за дома 331296 Регионална библиотека "Любен Каравелов" Русе Регионална библиотека "Любен Каравелов" Русе Заемна - подръчен фонд 1987-01-01 Заемна - подръчен фонд 1.85 484788 П 830-31/Ц 29 484788 2 0.95 N: стар фонд Дата: 01.01.1987 Дата инв: 19.03.2018 Бележки инв: П2018 Книги  
Изтеглен Не е изгубен   Не е повреден без рестрикции заемане за дома 331297 Регионална библиотека "Любен Каравелов" Русе Регионална библиотека "Любен Каравелов" Русе   1987-01-01 Заемна - подръчен фонд 1.85 486432 П 830-31/Ц 29 486432 3 0.95 N: стар фонд Дата: 01.01.1987 Книги Отч.N: 5 , Дата: 19.01.2018
Изтеглен Не е изгубен   Не е повреден без рестрикции заемане за дома 331298 Регионална библиотека "Любен Каравелов" Русе Регионална библиотека "Любен Каравелов" Русе   1987-01-01 Заемна - подръчен фонд 1.85 486439 П 830-31/Ц 29 486439 4 0.95 N: стар фонд Дата: 01.01.1987 Книги Отч.N: 5 , Дата: 19.01.2018
Изтеглен Не е изгубен Universal Decimal Classification Не е повреден без рестрикции заемане за дома 331299 Регионална библиотека "Любен Каравелов" Русе Регионална библиотека "Любен Каравелов" Русе Заемна - подръчен фонд 1987-01-01 Заемна - подръчен фонд 1.85 486441 П 830-31/Ц 29 486441 5 0.95 N: стар фонд Дата: 01.01.1987 Книги  
  Не е изгубен Universal Decimal Classification Не е повреден без рестрикции заемане за дома 331300 Регионална библиотека "Любен Каравелов" Русе Регионална библиотека "Любен Каравелов" Русе Заемна - подръчен фонд 1987-01-01 Заемна - подръчен фонд 0.30 634553 П 830-31/Ц 29 120000634553 6 0.15 N: стар фонд Дата: 01.01.1987; Бележки инв: П2018 Книги  
Vip Innovations Ltd, Rousse, Bulgaria 2025